00792 a2200169 45000010006000000050017000060080041000230030015000640400040000790800109001192450048002282640075002763000023003515050219003740410008005931000021006015440420260407155817.0260407a1981 arg spa dAR-UNSa-BCEJYS aAR-UNSa-BCEJYSbspacAR-UNSa-BCEJYS a327xRelaciones internacionales. Política internacional. Asuntos internacionales. Política exterior 10aEsquema de la política exterior Argentina 1aBuenos Aires :bEUDEBA (Editorial Universitaria de Buenos Aires)c1981 aix, 137 p.c19 cm. aI. Constantes en la política exterior argentina - II. Esquema de la política exterior argentina - III. La política exterior argentina a través de la bibliogrfía general - IV. El primer embajador argentino aspa1 aFerrari, Gustavo